Geoff Brewer of Brewer Consulting examines repudiatory breaches (Record no. 69416)

MARC details
000 -LEADER
fixed length control field 01453cam a2200229 4500
001 - CONTROL NUMBER
control field ABS65059
008 - FIXED-LENGTH DATA ELEMENTS--GENERAL INFORMATION
fixed length control field 020131n2002 000 0 eng u
035 ## - SYSTEM CONTROL NUMBER
System control number (Sirsi) u116573
100 ## - MAIN ENTRY--PERSONAL NAME
Personal name Brewer, G
245 ## - TITLE STATEMENT
Title Geoff Brewer of Brewer Consulting examines repudiatory breaches
260 ## - PUBLICATION, DISTRIBUTION, ETC.
Date of publication, distribution, etc. 2002
490 ## - SERIES STATEMENT
Series statement Contract Journal
Volume/sequential designation 411(6539) 9 January 2002, 23(1)
520 ## - SUMMARY, ETC.
Summary, etc. Examines the case "Shyam Jewellers Ltd v Cheeseman", a shopfitting design and installation, where the issue involved the discussion of the circumstances which give rise to an entitlement to treat a contract as repudiated. Cheeseman, the contractor had undertaken the work for Shyam but after a breakdown in communication over changes to the design and consequent cost, Cheesman felt that Shyam had repudiated the contract. Cheeseman had won against Shyam but on appeal it was found that he had repudiated the contract (although under provocation) by writing that he considered the contract at an end. The appeal was allowed and the judgement reversed. This outcome implies that in a typical construction contract a breakdown in the relationship of confidence between the parties will not of itself justify an assertion of repudiation.
590 ## - LOCAL NOTE (RLIN)
Local note ABS
650 ## - SUBJECT ADDED ENTRY--TOPICAL TERM
Topical term or geographic name entry element REPUDIATION OF CONTRACT
650 ## - SUBJECT ADDED ENTRY--TOPICAL TERM
Topical term or geographic name entry element REPUDIATORY BREACH
650 ## - SUBJECT ADDED ENTRY--TOPICAL TERM
Topical term or geographic name entry element SHYAM JEWELLERS LTD V CHEESEMAN
650 ## - SUBJECT ADDED ENTRY--TOPICAL TERM
Topical term or geographic name entry element SHOPFITTING
650 ## - SUBJECT ADDED ENTRY--TOPICAL TERM
Topical term or geographic name entry element BREACH OF CONTRACT
690 ## - LOCAL SUBJECT ADDED ENTRY--TOPICAL TERM (OCLC, RLIN)
Topical term or geographic name as entry element LAW-UK
942 ## - ADDED ENTRY ELEMENTS (KOHA)
Suppress in OPAC 0
Holdings
Withdrawn status Lost status Source of classification or shelving scheme Damaged status Not for loan Home library Current library Shelving location Date acquired Total Checkouts Full call number Barcode Date last seen Copy number Price effective from Koha item type
    Dewey Decimal Classification     London London Journal article 31/01/2002   ABS65059 116573-1001 06/08/2019 1 06/08/2019 Journal article